• 首页
  • 本馆介绍
  • 公告通知
  • 最新文献
  • 馆藏检索
  • 电子资源
  • 读者导购
  • 参考咨询
  • 我的图书馆
  • 登录
  • 详细信息显示
  • 放入我的书架
  • 预约/预借图书
  • 作者相关作品
  • 分类相关作品
  • 丛书相关作品
  • 出版社相关作品

书目信息

  • 表格格式
  • 工作单格式
  • 卡片格式
题名:
行政法学总论
    
 
作者: 章志远 著
分册:  
出版信息: 北京   北京大学出版社  2022.05
页数: 524页
开本: 24cm
丛书名:
单 册:
中图分类:
科图分类:
主题词: 行政法学--中国--研究生--教材 , 法律--中国
电子资源:
ISBN: 978-7-301-33019-7
000 01455nam0 2200289 450
001 2355229659
005 20120618222945.41
010    @a978-7-301-33019-7@dCNY95.00
100    @a20220825d2022 em y0chiy50 ea
101 0  @achi
102    @aCN@b110000
105    @ay a 000yy
106    @ar
200 1  @a行政法学总论@d= General introduction to administrative law@f章志远著@zeng
205    @a第2版
210    @a北京@c北京大学出版社@d2022.05
215    @a524页@d24cm
320    @a有书目
330    @a本书继承了当下行政法学教科书的通行体例, 从行政法基本原理、主体论、行为程序论、救济论等四个方面全面阐述我国行政法的基本理论。既照顾到传统教材的基本知识点, 又对重要概念的发展脉络、知识流变、不同学者的观点等进行了严谨的分析, 体现了研究生教学和教材的特色。聚焦行政法学基本理论, 对原书稿进行全面修订, 适当增加部分内容, 删除部分内容, 体现最近六年来行政法学理论研究及法治政府建设最新成果, 代表中国行政法学原理研究最新水准。全书包括行政法学范畴论、方法论、主体论、行为论、救济论和发展论, 共二十章。本书是一本代表当代中国行政法学研究新水准的专题性、研究型著作。其主要有四大特色: 第一, 严密的理论逻辑 ; 第二, 全面的资料综述 ; 第三, 鲜明的学术观点 ; 第四, 开放的知识体系。
510 1  @aGeneral introduction to administrative law@zeng
606 0  @a行政法学@y中国@x研究生@j教材
606 0  @a法律@x中国
690    @a@v5
690    @aD922.101@v4
701  0 @a章志远@4著
801  0 @aCN@b安徽时代出版发行有限公司@c20220825
905    @dD922.101@e2339
    
    行政法学总论= General introduction to administrative law/章志远著.-第2版.-北京:北京大学出版社,2022.05
    524页;24cm
    
    
    ISBN 978-7-301-33019-7:CNY95.00
    本书继承了当下行政法学教科书的通行体例, 从行政法基本原理、主体论、行为程序论、救济论等四个方面全面阐述我国行政法的基本理论。既照顾到传统教材的基本知识点, 又对重要概念的发展脉络、知识流变、不同学者的观点等进行了严谨的分析, 体现了研究生教学和教材的特色。聚焦行政法学基本理论, 对原书稿进行全面修订, 适当增加部分内容, 删除部分内容, 体现最近六年来行政法学理论研究及法治政府建设最新成果, 代表中国行政法学原理研究最新水准。全书包括行政法学范畴论、方法论、主体论、行为论、救济论和发展论, 共二十章。本书是一本代表当代中国行政法学研究新水准的专题性、研究型著作。其主要有四大特色: 第一, 严密的理论逻辑 ; 第二, 全面的资料综述 ; 第三, 鲜明的学术观点 ; 第四, 开放的知识体系。
●
相关链接 在E读中查询图书 在五车中查询图书 在当当中查询图书 在豆瓣中查询图书


正题名:行政法学总论     索取号:D922.101/2339         预约/预借

序号 登录号 条形码 馆藏地/架位号 状态 备注
1 1411742   214117427   第一样本阅览室/ [索取号:D922.101/2339] 在馆    
2 1411743   214117436   第一借阅区/ [索取号:D922.101/2339] 在馆    
3 1411744   214117445   第一借阅区/ [索取号:D922.101/2339] 在馆    
4 1411745   214117454   第一借阅区/ [索取号:D922.101/2339] 在馆    
5 1411746   214117463   第一借阅区/ [索取号:D922.101/2339] 在馆    
唐山师范学院图书馆 欢迎您!
大连网信软件有限公司© 版权所有